00326nam a2200097 a 450000500170000000800410001705000180005810000200007624500890009626000430018520140414131855.0100901s19uu xx 00 eng d aFILbM45 2009 aMatias, Segundo aMay genie ba sa bote ng daddy ni Rocky? :bRocky's daddy has a genie in his bottle?. aManila, Philippines :bLampara,c2009.